قواعد الامان الصناعي على السفن / (Record no. 6453)
[ view plain ]
| 000 -الفاتح | |
|---|---|
| حقل البيانات ثابتة الطول | 00921nac a22001811u 4500 |
| 008 - عناصر البيانات ثابتة الطول - معلومات عامة | |
| حقل البيانات ثابتة الطول | 101223s1989 xxu||||| |||| 00| 0 ara d |
| 082 ## - رقم تصنيف ديوى العشرى | |
| رقم التصنيف | 623.865 |
| رقم المادة | م ل ط |
| 100 1# - المدخل الرئيسى - إسم شخصى | |
| الإسم الشخصى | الملط ، محمود ربيع |
| 9 (RLIN) | 21648 |
| 110 ## - المدخل الرئيسى - إسم هيئة | |
| اسم الهيئة أو اسم السلطة كمدخل | Al Akademeya Al Arabeya Lel Nakl Al Baharey |
| 9 (RLIN) | 21655 |
| 245 ## - بيان العنوان | |
| العنوان | قواعد الامان الصناعي على السفن / |
| بيان المسئوليه,etc | محمود ربيع الملط |
| 260 ## - PUBLICATION, DISTRIBUTION, ETC. (IMPRINT) | |
| مكان الناشر او الموزع | [القاهرة] : |
| اسم الناشر او الموزع | الأكاديمية العربية للنقل البحرى ، 1989 |
| تاريخ النشر أو التوزيع | 1989. |
| 300 ## - الوصف المادى | |
| التعداد | 262 ص : |
| تفاصيل ماديه اخرى للوعاء | ايض ؛ |
| أبعاد الوعاء | 24 سم. |
| 650 ## - المدخل الاضافى بالموضوع-مصطلح موضوعى | |
| مصطلح موضوعي أو اسم جغرافي كعنصر مدخل | السفن |
| 9 (RLIN) | 21654 |
| التقسيم الفرعي العام | أجهزة ومعدات |
| 650 ## - المدخل الاضافى بالموضوع-مصطلح موضوعى | |
| مصطلح موضوعي أو اسم جغرافي كعنصر مدخل | السفن |
| 9 (RLIN) | 21653 |
| التقسيم الفرعي العام | أجهزة الآمان |
| 650 ## - المدخل الاضافى بالموضوع-مصطلح موضوعى | |
| مصطلح موضوعي أو اسم جغرافي كعنصر مدخل | الأمن الصناعى |
| 9 (RLIN) | 21652 |
| 942 ## - عناصر المدخل الإضافي( كوها) | |
| Koha [default] item type | Book - Borrowing |
| سابقة رقم الطلب | 623.865 م ل ط |
| مصدر التصنيف او مخطط الترفيف | Dewey Decimal Classification |
| حالة التراجع | حالة الفقد | مصدر التصنيف او خطة الترفيف | حالة تلف | ليس للاعارة | مجموعات كوها | المكان الدائم | المكان الحالي | موقع الترفيف | تاريخ الاكتساب | Source of acquisition | رقم الاستدعاء | الباركود | Date last seen | نوع الوعاء |
|---|---|---|---|---|---|---|---|---|---|---|---|---|---|---|
| Dewey Decimal Classification | Alef-Baa | Central Library | Central Library | First floor | 13/01/2011 | 623.865 م ل ط | 000007933 | 15/07/2025 | Book - Borrowing |